000 00909nab a2200277 4500
003 BR-BrBNA
005 20240604212846.0
008 240604b bl.||||| |||| 00| 0 por d
040 _aBR-BrBNA
_bpor
072 _aH20 ; H01
100 _aCottas, Mauro Picinato
245 _aMancha marrom de alternária, uma opção de controle
_bPesquisa
500 _a16 illus.; 2 tables
650 _aCITRICULTURA
650 _aMANCHA MARROM
650 _aALTERNARIA ALTERNATA
650 _aDOENÇA FÚNGICA
650 _aDOENÇA DE PLANTA
650 _aSINTOMA
650 _aPROFILAXIA
650 _aCONTROLE QUÍMICO
650 _aFUNGICIDA
773 0 _04769
_9314625
_dBebedouro - SP Grupo Técnico de Assistência e Consultoria em Citrus 2001
_o2024-0877
_tCiência e Pratica (Brazil)
_gv. 5(18) p. 10-11; (Jul-Sep 2005)
_wBR2024001525
942 _cAnalítica
999 _c299906
_d299906